000 00177nam a22000977a 4500
041 _aeng
080 _a80
100 _aChamberlin, W. H.
245 _aThe Ukraine
999 _c280404
_d280404
942 _cBK